| 000 | 00435nam a2200157 i 4500 | ||
|---|---|---|---|
| 001 | 92439 | ||
| 003 | ES-MaACL | ||
| 005 | 20230906180954.0 | ||
| 007 | t| | ||
| 008 | 050307s1914 sp ||||1| spa d | ||
| 100 | 1 |
_aLinares Rivas, Manuel. _972355 |
|
| 245 | 1 | 3 |
_aLa garra _b: drama en dos actos y en prosa / _cManuel Linares Rivas. |
| 260 |
_aMadrid : _b[V. Rico], _c1914. |
||
| 300 |
_a205 p. ; _c18 cm. |
||
| 852 |
_aES-MaACL _jD-2564 |
||
| 999 |
_c92439 _d92439 |
||